Sports Quiz

Random Sports or Football Quiz

Football Managers Venn Diagram (Picture Click) Quiz Stats

Quiz not verified by Sporcle

Also try: NFL Leaders (2015)
Challenge
Share
Tweet
Score 0/8 Timer 01:30
0 Plays Today
% Correct
José Mourinho
93%
Massimiliano Allegri
88.4%
Jürgen Klopp
87.9%
Fabio Capello
84%
Carlo Ancelotti
82%
Louis van Gaal
80.7%
Jupp Heynckes
67.3%
Giovanni Trapattoni
61.3%

You're not logged in!

Compare scores with friends on all Sporcle quizzes.
Sign Up with Email
OR
Log In

You Might Also Like...

Show Comments

Extras

Top Quizzes Today


Score Distribution

Your Account Isn't Verified!

In order to create a playlist on Sporcle, you need to verify the email address you used during registration. Go to your Sporcle Settings to finish the process.